BANKING DEREGULATION AND THE NEW COMPE TITION IN FINANCIAL SERVICES (Record no. 10398)

MARC details
000 -LEADER
fixed length control field 00447nam a22001697a 4500
003 - CONTROL NUMBER IDENTIFIER
control field OSt
005 - DATE AND TIME OF LATEST TRANSACTION
control field 20211007133217.0
008 - FIXED-LENGTH DATA ELEMENTS--GENERAL INFORMATION
fixed length control field 211007b |||||||| |||| 00| 0 eng d
020 ## - INTERNATIONAL STANDARD BOOK NUMBER
International Standard Book Number 088730090.1
040 ## - CATALOGING SOURCE
Transcribing agency HU
082 ## - DEWEY DECIMAL CLASSIFICATION NUMBER
Classification number 332.10973
100 ## - MAIN ENTRY--PERSONAL NAME
Personal name COOPER
9 (RLIN) 11243
245 ## - TITLE STATEMENT
Title BANKING DEREGULATION AND THE NEW COMPE TITION IN FINANCIAL SERVICES
260 ## - PUBLICATION, DISTRIBUTION, ETC.
Place of publication, distribution, etc. AMERICA
Name of publisher, distributor, etc. HARPER AND ROW
Date of publication, distribution, etc. 1986
300 ## - PHYSICAL DESCRIPTION
Extent 318
942 ## - ADDED ENTRY ELEMENTS (KOHA)
Source of classification or shelving scheme Dewey Decimal Classification
Koha item type Books like text book referance book
Suppress in OPAC No
Holdings
Withdrawn status Lost status Source of classification or shelving scheme Damaged status Not for loan Home library Current library Shelving location Date acquired Total Checkouts Full call number Barcode Date last seen Copy number Price effective from Koha item type
    Dewey Decimal Classification     College of Business and Economics Library College of Business and Economics Library General Stacks 10/07/2021   332.10973COO MBELIB00000944 10/07/2021 1 10/07/2021 Books like text book referance book